000
00199 a2200097 4500
001
5702
100
_a
sneddon,IN
245
_a
Fourier transforms
260
_a
_b
McGraw Hill
_c
090
_c
4690
_d
4690
942
_a
NUST-CAE
_c
M
_c
31034
999
_c
240775
_d
240775